Statistiques concernant Toutes les communes Françaises frontalières du Suriname

Cliquez ici pour prendre le quiz!

Statistiques générales

  • Ce quiz a été pris 15 fois
  • Le résultat moyen est 6 sur 7

Statistiques - réponses

DépartementCommune% Correct
GuyaneSaint-Laurent-du-Maroni
100%
GuyaneMaripasoula
92%
GuyaneApatou
85%
GuyaneAwala-Yalimapo
85%
GuyaneMana
77%
GuyaneGrand-Santi
69%
GuyanePapaichton
69%

Distribution des résultats

Percentile par nombre de réponses

% des personnes avec chaque résultat

Votre développement - résultats

Vous n’avez pas pris ce quiz